Kolumbija : socialno - ekonomičeskije problemy razvivajuščichsja stran /

Uložené v:
Podrobná bibliografia
Hlavný autor: Litavrina, Ellida Eduardovna (Author)
Médium: Kniha
Jazyk:Russian
Vydané: Moskva : Mysľ, 1967.
Vydanie:1. izd.
ISBN: (brož.)
Fyzický popis: 165 s.
Tagy: Pridať tag
Žiadne tagy, Buďte prvý kto otaguje tento záznam!

MARC

LEADER 00000nam a22000004a 4500
001 000443003
005 20131107184646.0
008 131107s1967 ru e 000 0 rus d
020 |a (brož.)  |c Kčs 3,00 
040 |a SVKKK  |b slo  |c SVKKK  |e AACR2 
041 0 |a rus 
044 |a ru  |c RU 
100 1 |a Litavrina, Ellida Eduardovna  |4 aut 
245 1 0 |a Kolumbija :  |b socialno - ekonomičeskije problemy razvivajuščichsja stran /  |c Ellida Eduardovna Litavrina. 
250 |a 1. izd. 
260 |a Moskva :  |b Mysľ,  |c 1967. 
300 |a 165 s. 
910 |a svkkk 
998 |a BK 
090 |g SCKHL  |k Sklad Hlavná 10 suterén  |a I.32645  |j 401271  |i 2720636069  |s Absenčne